000 01026cam a2200301 i 4500
001 803561
003 ARRUPE
005 20161103150346.0
008 750305s1974 enka b 000 0 eng
010 _a 75305215
015 _aGB74-30343
020 _a0435826662 :
_c£5.50.
_a0435826670
040 _aDLC
_cDLC
_dDLC
041 1 _aengfre
050 0 0 _aB2430.M378
_bE56 1974
082 0 0 _a300/.1
100 2 _aMerleau-Ponty, Maurice,
_d1908-1961.
_95608
245 1 0 _aPhenomenology, language and sociology :
_bselected essays of Maurice Merleau-Ponty /
_cedited by John O'Neill ; [translated from the French].
260 _aLondon :
_bHeinemann Educational,
_c1974.
300 _alxii, 352 p. :
_b1 ill. ;
_c23 cm.
504 _aBibliography: p. 331-352.
650 0 _aPhenomenology.
_927154
650 0 _aLanguage and languages
_xPhilosophy.
_927155
650 0 _aSociology.
_927156
700 1 _aO'Neill, John,
_d1933-
_eed.
_927157
906 _a7
_bcbc
_corignew
_d3
_encip
_f19
_gy-gencatlg
942 _2lcc
_cMONOGRAPH
999 _c125625
_d125625